Akadémia hoteliera: Jarné upratovanie

Problematika čistoty a vône hotelového zariadenia. Používanie profesionálnych prípravkov na upratovanie. Pekne ustlaná posteľ, kvalita paplónov a vankúšov. Vôňa a hudba, alebo zmyslový marketing. Dôležitý systém upratovania nastavený do detailov. Udržiavane hygieny vo wellness.

Gespeichert in:
Bibliographische Detailangaben
1. Verfasser: Pupišová, Iveta
Format: Buchkapitel
Sprache:Slowakisch
Schlagworte:
Tags: Tag hinzufügen
Keine Tags, Fügen Sie das erste Tag hinzu!

MARC

LEADER 00000naa a2200000 4500
001 0241232
005 20180319091720.0
041 0 |a slo 
044 |a SK 
245 1 0 |a Akadémia hoteliera: Jarné upratovanie  |c Iveta Pupišová 
520 |a Problematika čistoty a vône hotelového zariadenia. Používanie profesionálnych prípravkov na upratovanie. Pekne ustlaná posteľ, kvalita paplónov a vankúšov. Vôňa a hudba, alebo zmyslový marketing. Dôležitý systém upratovania nastavený do detailov. Udržiavane hygieny vo wellness. 
610 2 0 |a hotely 
610 2 0 |a hotelierstvo 
610 2 0 |a hygiena 
610 2 0 |a marketing 
100 1 |a Pupišová, Iveta